Franz Kafka tuyển tập tác phẩm

Đã lưu trong:
Sonraí Bibleagrafaíochta
Príomhúdar: Franz Kafka
Formáid: Leabhar
Teanga:Undetermined
Foilsithe: H. Hội Nhà Văn 2003
Ábhair:
Clibeanna: Cuir Clib Leis
Gan Chlibeanna, Bí ar an gcéad duine leis an taifead seo a chlibeáil!
Thư viện lưu trữ: Trung tâm Học liệu Trường Đại học Cần Thơ
LEADER 00502nam a2200193Ia 4500
001 CTU_56759
008 210402s9999 xx 000 0 und d
020 |b 135000 
082 |a 833.9 
082 |b K11 
100 |a Franz Kafka 
245 0 |a Franz Kafka tuyển tập tác phẩm 
260 |a H. 
260 |b Hội Nhà Văn 
260 |c 2003 
650 |a german fiction 
650 |x collections 
650 |y 20th century 
980 |a Trung tâm Học liệu Trường Đại học Cần Thơ